| 000 | 00627nam a2200241Ia 4500 | ||
|---|---|---|---|
| 005 | 20250425162352.0 | ||
| 008 | 250425s9999 xx 000 0 und d | ||
| 020 | _a0131497596 | ||
| 041 | _aeng | ||
| 082 | _a624.183412 | ||
| 100 | _aNAWY, EDWARD G. | ||
| 245 | 0 | _aPRESTRESSED CONCRETE: A FUNDAMENTAL APPROACH | |
| 250 | _a5TH ED. | ||
| 260 |
_aEstados Unidos _bPEARSON PRENTICE HALL _c2006 |
||
| 260 | _aUPPER SADDLE RIVER | ||
| 300 | _a945 | ||
| 650 | _aCONCRETO PRESFORZADO | ||
| 650 | _aCONSTRUCCIONES ANTISISMICAS | ||
| 650 | _aDISEÑO ESTRUCTURAL | ||
| 650 | _aPUENTES | ||
| 942 | _c01 | ||
| 010 | _a66522 | ||
| 999 |
_c227833 _d227833 |
||